| 000 | 00711 a2200169 4500 | ||
|---|---|---|---|
| 003 | Nust | ||
| 005 | 20230125100936.0 | ||
| 040 | _cNust | ||
| 082 | _a380.1,FOR | ||
| 100 |
_a Foster, Timothy RV _9107598 |
||
| 245 |
_a101 ways to Generate great ideas / _bTimothy RV Foster |
||
| 260 |
_aIndia _bKogan page india _c2001 |
||
| 300 | _a95,p; | ||
| 505 | _aThe Chinese Army Considered as a Military Force (Page-9), Infantry (Page-14), Cavalry (Page-21), Artillery (Page-23), Aviation (Page-27), Transpiration (Page-30), Commissariat (Page-33), Medical Corps (Page-36), Conclusions (Page-38), The Civil War of 1925 Sketch Maps (Page-57). | ||
| 650 | _aTelecommunication engineering | ||
| 942 |
_2ddc _cBK _k380.1,FOR |
||
| 999 |
_c185900 _d185900 |
||